Análisis crítico de la iniciativa de la Cuenca del Caribe

Shranjeno v:
Bibliografske podrobnosti
Glavni avtor: Añé Aguiloche, Lía
Korporativna značnica: CIEM
Format: Texto
Izdano: San José: CIEM
Oznake: Označite
Brez oznak, prvi označite!

MARC

LEADER 00000 a a2200000 04500
001 21014
003
040
090 |a 090500  
100 |a Añé Aguiloche, Lía  
110 |a CIEM  
245 |a Análisis crítico de la iniciativa de la Cuenca del Caribe  
260 |a San José:   |b CIEM  
300 |a 31 p.  
999 |c 1421  |d 1421